Normal view
MARC view
- Dr Mojeeb Bin Ihsan
Entry Corporate Name
001 - CONTROL NUMBER
- control field: 91314
003 - CONTROL NUMBER IDENTIFIER
- control field: NUST
005 - DATE AND TIME OF LATEST TRANSACTION
- control field: 20220509105301.0
008 - FIXED-LENGTH DATA ELEMENTS
- fixed length control field: 220509|| aca||aabn | a|a d
040 ## - CATALOGING SOURCE
- Original cataloging agency: NUST
- Transcribing agency: NUST
110 ## - HEADING--CORPORATE NAME
- Corporate name or jurisdiction name as entry element: Dr Mojeeb Bin Ihsan
670 ## - SOURCE DATA FOUND
- Source citation: Work cat.: (NUST): Aamir Javed 91313, TH-SOF-0863-Design Of An Automatic Target Classifier For Ground Surveillance Radar, 2013.
